| Tag |
First Indicator |
Second Indicator |
Subfields |
| LEADER |
00000cam a2200000 a 4500 |
| 001 |
in00000006995 |
| 005 |
20151004070028.0 |
| 008 |
870727s1987 ne a b 00010 eng d |
| 020 |
|
|
|a 9022008584
|
| 035 |
|
|
|a (OCoLC)16290704
|
| 035 |
|
|
|9 AAA1458AM
|
| 040 |
|
|
|a AGL
|c AGL
|d TXA
|d UtOrBLW
|
| 049 |
|
|
|a TXAM
|c [A12617640]
|
| 050 |
|
4 |
|a S566.5
|b .E5 1987
|
| 100 |
1 |
|
|a Elderen, E. Van
|q (Ewoud),
|d 1932-
|
| 245 |
1 |
0 |
|a Scheduling farm operations :
|b a simulation model /
|c E. van Elderen.
|
| 264 |
|
1 |
|a Wageningen, Netherlands :
|b Pudoc,
|c 1987.
|
| 300 |
|
|
|a 218 pages :
|b illustrations ;
|c 23 cm.
|
| 336 |
|
|
|a text
|b txt
|2 rdacontent
|
| 337 |
|
|
|a unmediated
|b n
|2 rdamedia
|
| 338 |
|
|
|a volume
|b nc
|2 rdacarrier
|
| 490 |
1 |
|
|a Simulation monographs
|
| 504 |
|
|
|a Bibliography: page 214.
|
| 650 |
|
0 |
|a Farm management
|x Mathematical models.
|
| 650 |
|
0 |
|a Agricultural systems
|x Mathematical models.
|
| 650 |
|
0 |
|a Farm management
|x Data processing.
|
| 830 |
|
0 |
|a Simulation monographs.
|
| 999 |
|
|
|a MARS
|
| 999 |
f |
f |
|s f2f2f5e3-bbb4-3fb6-ae16-75d480ce9d00
|i 63132f2c-b6cd-3f51-8f09-d4aeccb7043c
|t 0
|
| 952 |
f |
f |
|p ric
|a Texas A&M University
|b Rellis Campus
|c Joint Library Facility
|d Remote Storage
|t 0
|e S566.5 .E5 1987
|h Library of Congress classification
|i unmediated -- volume
|m A14812617640
|
| 998 |
f |
f |
|a S566.5 .E5 1987
|t 0
|l Remote Storage
|